Surveyors acting as expert witnesses (Record no. 115266)

MARC details
000 -LEADER
fixed length control field 03643cam a22003495a 4500
001 - CONTROL NUMBER
control field L158327
008 - FIXED-LENGTH DATA ELEMENTS--GENERAL INFORMATION
fixed length control field 081030s2014 xxk f v 000 0 eng d
020 ## - INTERNATIONAL STANDARD BOOK NUMBER
International Standard Book Number 9781783210268
035 ## - SYSTEM CONTROL NUMBER
System control number (Sirsi) u158327
041 0# - LANGUAGE CODE
Language code of text/sound track or separate title eng
050 04 - LIBRARY OF CONGRESS CALL NUMBER
Classification number 347.41067 $2 18
110 2# - MAIN ENTRY--CORPORATE NAME
Corporate name or jurisdiction name as entry element Royal Institution of Chartered Surveyors
9 (RLIN) 4900
245 00 - TITLE STATEMENT
Title Surveyors acting as expert witnesses
Remainder of title RICS practice statement and guidance note
Medium [electronic resource]
250 ## - EDITION STATEMENT
Edition statement 4th ed.
260 ## - PUBLICATION, DISTRIBUTION, ETC.
Place of publication, distribution, etc. London
Name of publisher, distributor, etc. RICS
Date of publication, distribution, etc. 2014
300 ## - PHYSICAL DESCRIPTION
Extent 40 p.
490 #0 - SERIES STATEMENT
Series statement RICS Practice Statement
490 #0 - SERIES STATEMENT
Series statement RICS Guidance Note
505 2# - FORMATTED CONTENTS NOTE
Formatted contents note Surveyors acting as expert witnesses: practice statement: RICS practice statements -- preamble -- Principal message -- application of practice statement -- duty in providing expert evidence -- acting as an expert witness and instructions -- inspections -- reports and oral evidence -- amending the contents of written reports -- agreeing facts and resolving differences -- Single Joint Expert (SJE) -- advocacy and expert witness roles -- conditional fees
505 2# - FORMATTED CONTENTS NOTE
Formatted contents note Surveyors acting as expert witnesses: guidance note: RICS guidance notes -- preamble -- application of guidance note and introduction -- general duties -- advice and disclosure -- duties to the tribunal -- instructions and inspections -- evidence of fact -- expert (opinion) evidence -- questions to expert witnesses and answers -- documents -- oral evidence -- advising advocates -- expert witnesses' written reports -- form and content of an expert witness's written report -- meetings between the expert witness and the client's team -- narrowing differences and meetings between experts -- Single Joint Expert (SJE) -- expert evidence, advocacy and a 'dual role' -- basis of charging fees -- conditional fees -- responsibility for expert witness's fees -- immunity of the expert witness
505 2# - FORMATTED CONTENTS NOTE
Formatted contents note Appendices: sample terms of engagement -- immunity of the expert witness - exemptions -- definitions -- Further reading and glossary of Acts, procedures and protocols
520 ## - SUMMARY, ETC.
Summary, etc. The practice statement sets out the mandatory duties of a surveyor in providing evidence, while the guidance note provides further information on good practice, including: the need for clear instructions and terms of engagement; fees; guidance on what to do in situations of conflict of interest; an outline of the written report format; clarification of the differences between the roles of expert witness and advocate; and the immunity of the expert witness. This practice statement is also published in the form of an accompanying client guide, a copy of which can be supplied by the expert witness to the prospective client.
520 ## - SUMMARY, ETC.
Summary, etc. Supersedes 3rd edition - L145697. Effective from 2nd July 2014.
520 ## - SUMMARY, ETC.
Summary, etc. This document was amended in February 2023 to remove wording from PS10 and GN19 which could be read as prohibiting expert witnesses from taking instructions from solicitors who are engaged on a conditional fee, even if the expert is instructed on an unconditional fee basis. This was not the intention of RICS and has therefore been amended for clarity.
521 ## - TARGET AUDIENCE NOTE
Target audience note Advanced
590 ## - LOCAL NOTE (RLIN)
Local note KA
651 #4 - SUBJECT ADDED ENTRY--GEOGRAPHIC NAME
Geographic name United Kingdom
690 ## - LOCAL SUBJECT ADDED ENTRY--TOPICAL TERM (OCLC, RLIN)
Topical term or geographic name as entry element Dispute resolution
9 (RLIN) 6236
856 41 - ELECTRONIC LOCATION AND ACCESS
Uniform Resource Identifier <a href="https://www.rics.org/content/dam/ricsglobal/documents/standards/Surveyors%20acting%20as%20expert%20witnesses_Feb2023amend.pdf">https://www.rics.org/content/dam/ricsglobal/documents/standards/Surveyors%20acting%20as%20expert%20witnesses_Feb2023amend.pdf</a>
Public note View the Feb 2023 amended guidance free on RICS.org
856 41 - ELECTRONIC LOCATION AND ACCESS
Uniform Resource Identifier <a href="https://www.rics.org/content/dam/ricsglobal/documents/standards/Surveyors_Acting_As_Expert_Witnesses_Client_Guide.pdf">https://www.rics.org/content/dam/ricsglobal/documents/standards/Surveyors_Acting_As_Expert_Witnesses_Client_Guide.pdf</a>
Public note View the guidance free on RICS.org
942 ## - ADDED ENTRY ELEMENTS (KOHA)
Suppress in OPAC 0
Source of classification or shelving scheme Dewey Decimal Classification
Holdings
Withdrawn status Lost status Source of classification or shelving scheme Damaged status Not for loan Home library Current library Shelving location Date acquired Total Checkouts Full call number Barcode Date last seen Copy number Price effective from Koha item type
    Dewey Decimal Classification     London London RICS Boxes 05/03/2015   RICS 2014/12 30078789 06/08/2019 1 06/08/2019 Book
    Dewey Decimal Classification     London London RICS Boxes 05/03/2015   RICS 2014/12 30078791 06/08/2019 2 06/08/2019 Reference material
    Dewey Decimal Classification     London London RICS Boxes 05/03/2015   RICS 2014/12 30078795 06/08/2019 3 06/08/2019 Archive
    Dewey Decimal Classification     London London RICS Boxes 05/03/2015   RICS 2014/12 30078790 06/08/2019 4 06/08/2019 Book
    Dewey Decimal Classification     Virtual Virtual Online 16/12/2014   ONLINE PUBLICATION 115266 22/03/2023 5 06/08/2019 Book